000 01031nam a2200265 4500
001 178447
003 ES-MaACL
005 20230903110000.0
008 110527s2009 sp aco |||| |cspa d
020 _a978-84-96806-78-8
080 _a929(460.357):254.3:331
245 0 0 _aCuras obreros
_b: la cruz y el martillo /
_cAntonio Quitián González, Ángel Aguado Fajardo, Manuel Ganivet Zarcos, José Ganivet Zarcos ; edición preparada por José Rodríguez Molina.
260 _aAlcalá la Real (Jaén) :
_bZumaque,
_c2009.
300 _a412 p. :
_bil., fot. ;
_c21 cm.
490 1 _aHistoria ;
_v3
650 7 _aSacerdotes obreros-
_zGranada (Provincia)
_9146800
650 4 _aSacerdotes-
_vBiografías.
_9146802
700 1 _aQuitián González, Antonio.
_9146801
700 1 _aMolina Rodríguez, José.
_981963
830 0 _aHistoria ;
_v3
_9177536
852 _aES-MaACL
_9185307
_bR.145583
_jA-11255
_dOlim: N-4259
_cDEPO1
942 _2udc
_cMONOGRAFIA
999 _c178447
_d178447